Argentina by Picture - Statistics

General Stats
  • This quiz has been taken 1,713 times
    175 since last reset
  • The average score is 14 of 18
Answer Stats
Picture Hint Answer % Correct
footballer Lionel Messi
97%
dance Tango
96%
city Buenos Aires
94%
religious figure Pope Francis
93%
revolutionary Che Guevara
92%
mountain range Andes
88%
footballer Diego Maradona
85%
greater region Patagonia
83%
musical / presidential spouse Evita
77%
eponymous element Silver
76%
waterfalls {Iguazu} Falls
70%
low grasslands Pampas
67%
horseman Gaucho
65%
islands - Spanish name Las Malvinas
63%
president Javier Milei
60%
island shared with Chile Tierra del Fuego
60%
drink Mate
50%
barbecue Asado
35%
No matching quizzes found
Score Distribution
Percent of People with Each Score
Percentile by Number Answered
Your Score History
You have not taken this quiz since the last reset